000 00464nam a2200169 a 4500
005 20140311163024.0
008 080109s19uu xx 00 eng d
020 _a9788184200249
050 _aQH 541
_b.C512 2006
100 _aChawla, Ramesh
245 _aEcology and tourism development /
_cRamesh Chawla.
260 _aNew Delhi :
_bSumit Enterprises,
_c2006.
300 _a199 p. :
_c23 cm.
650 _aEcology.
942 _cBK
_2lcc
_kFOR
999 _c39509
_d39509